[Event "Festival INPS"]
[Site "Roma ITA"]
[Date "1998.??.??"]
[Round "3"]
[White "Coppini, Giorgio"]
[Black "Tosoni, Augusto"]
[Result "1/2-1/2"]
[WhiteElo "2195"]
[BlackElo "1948"]
[PlyCount "115"]
[EventDate "1998.??.??"]

1. c4 Nf6 2. Nc3 g6 3. Nf3 Bg7 4. g3 O-O 5. Bg2 d6 6. O-O e5 7. d3 c6 8. Bg5 h6
9. Bd2 Nh5 10. e4 Qe8 11. Nh4 f5 12. f4 exf4 13. gxf4 Bf6 14. Be1 Kh7 15. Qf3
Na6 16. exf5 gxf5 17. Qh3 Nb4 18. Nd5 cxd5 19. Bxb4 Qd8 20. Be1 dxc4 21. dxc4
Be6 22. Kh1 Ng7 23. Rc1 d5 24. cxd5 Bxd5 25. Bxd5 Qxd5+ 26. Qg2 Qf7 27. Nf3 Nh5
28. Ne5 Nxf4 29. Nxf7 Nxg2 30. Kxg2 Rxf7 31. Rxf5 Rg7+ 32. Kf3 Bxb2 33. Rb1 Bd4
34. Bd2 Re8 35. Rb4 Bb6 36. Rf6 Rg6 37. Rf7+ Rg7 38. Rf6 Ba5 39. Rxh6+ Kg8 40.
Rd4 Bxd2 41. Rxd2 Rf8+ 42. Ke3 Re7+ 43. Kd3 Rd7+ 44. Kc2 Rxd2+ 45. Kxd2 Rf2+
46. Kc3 Rxa2 47. Rd6 b6 48. h4 Kg7 49. h5 Ra5 50. h6+ Kh7 51. Kb4 Ra1 52. Kb5
Rb1+ 53. Ka6 Ra1+ 54. Kb5 Ra5+ 55. Kb4 Kh8 56. Re6 Ra1 57. Kb5 Kh7 58. Rd6
1/2-1/2

[Event "Festival INPS"]
[Site "Roma ITA"]
[Date "1998.??.??"]
[Round "3"]
[White "Corvi, Marco"]
[Black "Rossi De Gasperis, Pietro"]
[Result "1/2-1/2"]
[WhiteElo "2320"]
[BlackElo "1704"]
[PlyCount "68"]
[EventDate "1998.??.??"]

1. Nf3 f5 2. d3 Nf6 3. e4 fxe4 4. dxe4 Nxe4 5. Bd3 Nf6 6. Ng5 Nc6 7. Nxh7 Ne5
8. Bf4 Nxd3+ 9. Qxd3 d6 10. Qg6+ Kd7 11. Nxf6+ gxf6 12. Nc3 c6 13. O-O-O Kc7
14. Qf7 Bd7 15. Kb1 Rc8 16. Rhe1 Kb8 17. Bg3 Bf5 18. h4 Rh7 19. Qc4 Ka8 20. Qe2
e5 21. f3 d5 22. Bf2 Qa5 23. g4 Be6 24. g5 d4 25. Bxd4 Bb4 26. a3 Bxa3 27. bxa3
Rxh4 28. Ne4 exd4 29. Rxd4 Qxa3 30. c3 fxg5 31. Nxg5 Bf5+ 32. Ne4 Qxc3 33. Rdd1
a5 34. Qd2 Qxd2 1/2-1/2

[Event "Festival INPS"]
[Site "Roma ITA"]
[Date "1998.??.??"]
[Round "3"]
[White "De Vita, Gianni"]
[Black "De Blasio, Alessandro"]
[Result "1/2-1/2"]
[WhiteElo "2160"]
[BlackElo "1714"]
[PlyCount "82"]
[EventDate "1998.??.??"]

1. e4 c5 2. c3 d5 3. exd5 Qxd5 4. d4 Nf6 5. Nf3 Bg4 6. Be2 e6 7. O-O cxd4 8.
cxd4 Bb4 9. a3 Ba5 10. b4 Bb6 11. Nc3 Qf5 12. h3 h5 13. Nh4 Qh7 14. hxg4 hxg4
15. g3 Qh5 16. f4 Nc6 17. Be3 O-O-O 18. Rc1 Kb8 19. Nb5 Ne4 20. Qe1 a6 21. Nc3
Nxg3 22. Qxg3 Qxh4 23. Qxh4 Rxh4 24. Bf2 Bxd4 25. Kg2 Bxf2 26. Kxf2 Rdh8 27.
Rg1 Rh2+ 28. Rg2 f5 29. Rd1 e5 30. fxe5 Nxe5 31. Rd5 Rxg2+ 32. Kxg2 Ng6 33. Rd7
Nf4+ 34. Kg3 Nxe2+ 35. Nxe2 Rh3+ 36. Kg2 g5 37. Rg7 f4 38. Nd4 Rxa3 39. Rxg5
Ra2+ 40. Kf1 g3 41. b5 Ra1+ 1/2-1/2

[Event "Festival INPS"]
[Site "Roma ITA"]
[Date "1998.??.??"]
[Round "3"]
[White "Di Lazzaro, Gabriele"]
[Black "Quimi, Marco"]
[Result "0-1"]
[WhiteElo "2030"]
[BlackElo "2225"]
[PlyCount "110"]
[EventDate "1998.??.??"]

1. Nf3 d5 2. g3 Bf5 3. d3 Nf6 4. Bg2 h6 5. O-O e6 6. c4 c6 7. cxd5 cxd5 8. Bf4
Nbd7 9. Nc3 Be7 10. Nb5 O-O 11. Bc7 Qc8 12. Rc1 b6 13. Nd6 Qa6 14. Nxf5 exf5
15. a3 Rfe8 16. Nd4 g6 17. Qd2 Bf8 18. Rfe1 Rac8 19. h4 Qa4 20. e3 Bc5 21. Bf4
Kh7 22. Ne2 Qa6 23. d4 Bf8 24. Nc3 Qb7 25. Nb5 a6 26. Nd6 Bxd6 27. Bxd6 Ne4 28.
Bxe4 fxe4 29. Rxc8 Rxc8 30. Rc1 Rc6 31. Rxc6 Qxc6 32. Bb4 h5 33. Bc3 Kg7 34.
Qe2 b5 35. Qd2 Qc4 36. Qe1 Nf6 37. Kg2 Ng4 38. Qf1 f6 39. Qe1 g5 40. hxg5 fxg5
41. Qf1 Kg6 42. Qxc4 bxc4 43. Bd2 Kf5 44. Ba5 Nh6 45. Bc7 Kg4 46. Bd8 Nf5 47.
Bf6 h4 48. gxh4 gxh4 49. Be5 h3+ 50. Kf1 Kf3 51. Bh2 Nh6 52. Bg3 Ng4 53. Kg1
Nxe3 54. Kh2 Nf1+ 55. Kxh3 Nxg3 0-1

[Event "Festival INPS"]
[Site "Roma ITA"]
[Date "1998.??.??"]
[Round "3"]
[White "Gardon, Ermanno"]
[Black "Sibilio, Mario"]
[Result "0-1"]
[WhiteElo "1818"]
[BlackElo "2330"]
[PlyCount "78"]
[EventDate "1998.??.??"]

1. e4 c5 2. Nf3 g6 3. d4 Bg7 4. c4 cxd4 5. Nxd4 Nc6 6. Be3 Nf6 7. Nc3 Ng4 8.
Qxg4 Nxd4 9. Qd1 e5 10. Nb5 O-O 11. Bd3 Nxb5 12. cxb5 d5 13. Bc5 Re8 14. O-O b6
15. Bb4 Bb7 16. Qe2 Rc8 17. Rfd1 Qh4 18. g3 Qh3 19. Rac1 Qe6 20. Bc2 Bh6 21.
Ra1 dxe4 22. Bb3 Qh3 23. Bd5 Bxd5 24. Rxd5 e3 25. fxe3 e4 26. Rad1 Qe6 27. b3
Bf8 28. Bxf8 Kxf8 29. Rd7 Re7 30. Qd2 Rxd7 31. Qxd7 Qxd7 32. Rxd7 Rc1+ 33. Kg2
Rc2+ 34. Kh3 Rxa2 35. Kg4 Ra5 36. Rd5 a6 37. Kf4 f5 38. g4 fxg4 39. Kxe4 Rxb5
0-1

[Event "Festival INPS"]
[Site "Roma ITA"]
[Date "1998.??.??"]
[Round "3"]
[White "Lantini, Marco"]
[Black "Marzano, Carlo"]
[Result "1-0"]
[WhiteElo "2180"]
[BlackElo "2185"]
[PlyCount "61"]
[EventDate "1998.??.??"]

1. e4 g6 2. d4 c6 3. Nf3 d5 4. e5 Bg7 5. h3 Nh6 6. Be2 O-O 7. O-O f6 8. c4 Nf7
9. Bf4 Be6 10. Qc1 Nd7 11. Qe3 Re8 12. cxd5 cxd5 13. a4 a6 14. a5 Nb8 15. Nbd2
Nc6 16. Nb3 b6 17. Qc3 Nxa5 18. Nxa5 bxa5 19. Rxa5 Qb6 20. Rfa1 Rec8 21. Qa3
Rc2 22. Bd3 Rxb2 23. Qxe7 fxe5 24. Rxa6 Rxa6 25. Rxa6 Qb8 26. Qxe6 exf4 27.
Qxd5 Rb7 28. Ng5 f3 29. Nxf7 Rb1+ 30. Bxb1 Qxb1+ 31. Kh2 1-0

[Event "Festival INPS"]
[Site "Roma ITA"]
[Date "1998.??.??"]
[Round "3"]
[White "Mogranzini, Roberto"]
[Black "Bellincampi, Stefano"]
[Result "0-1"]
[WhiteElo "1870"]
[BlackElo "2065"]
[PlyCount "52"]
[EventDate "1998.??.??"]

1. d4 Nf6 2. c4 e6 3. Nf3 d5 4. e3 Nbd7 5. Nc3 c6 6. Be2 dxc4 7. Bxc4 b5 8. Bd3
a6 9. O-O c5 10. Qe2 Bb7 11. b3 Be7 12. Bb2 O-O 13. Rad1 Qb6 14. Ne5 Rfd8 15.
Nxd7 Rxd7 16. Nb1 Rad8 17. Nd2 Qc7 18. dxc5 Rxd3 19. Bd4 R3xd4 20. exd4 Rxd4
21. Nf3 Rxd1 22. Rxd1 Bxc5 23. Qe5 Qc8 24. h3 h6 25. Qe2 Ne4 26. Rf1 Ng3 0-1

[Event "Festival INPS"]
[Site "Roma ITA"]
[Date "1998.??.??"]
[Round "3"]
[White "Montecchi, Ugo"]
[Black "Manzanilla, Rufino"]
[Result "1-0"]
[WhiteElo "1971"]
[BlackElo "1726"]
[PlyCount "57"]
[EventDate "1998.??.??"]

1. e4 c5 2. Nf3 d6 3. d4 cxd4 4. Nxd4 Nf6 5. Nc3 a6 6. Bc4 Qc7 7. Bb3 e6 8. a4
Nc6 9. Be3 Be7 10. Nxc6 Qxc6 11. a5 Nxe4 12. Ba4 Nxc3 13. Bxc6+ bxc6 14. bxc3
O-O 15. O-O Rd8 16. Rb1 c5 17. Qf3 d5 18. Rb3 Bd7 19. Rb7 Bf8 20. c4 Be8 21.
cxd5 exd5 22. Re1 f6 23. Qg4 Bf7 24. h4 h5 25. Qg3 d4 26. Bd2 Bd5 27. Rc7 Bf7
28. Bh6 Kh8 29. Rxf7 1-0

[Event "Festival INPS"]
[Site "Roma ITA"]
[Date "1998.??.??"]
[Round "3"]
[White "Pezzaldi, Roberto"]
[Black "Puliatti, Carlo"]
[Result "1-0"]
[WhiteElo "2095"]
[BlackElo "1797"]
[PlyCount "97"]
[EventDate "1998.??.??"]

1. c4 Nf6 2. Nf3 g6 3. g3 Bg7 4. Bg2 d6 5. O-O O-O 6. Nc3 e5 7. d3 h6 8. Rb1
Nc6 9. b4 Nh5 10. b5 Ne7 11. Nd5 f5 12. Nh4 Kh7 13. Qc2 Nf6 14. Bb2 g5 15.
Nxf6+ Bxf6 16. Nf3 Kg7 17. c5 Be6 18. a4 g4 19. Nd2 d5 20. f4 e4 21. Bxf6+ Rxf6
22. dxe4 dxe4 23. Rfd1 Qg8 24. e3 h5 25. Kf2 h4 26. Qb2 Qf7 27. Bxe4 fxe4 28.
Nxe4 Bf5 29. Nxf6 Qxf6 30. Qxf6+ Kxf6 31. Rb4 hxg3+ 32. hxg3 Rh8 33. e4 Be6 34.
Kg2 Rh5 35. f5 Bc8 36. Rd8 Rh7 37. Rf8+ Kg7 38. Rd8 Kf6 39. Rb1 Ke5 40. Rf1 Rf7
41. Rf4 Bxf5 42. exf5 Nxf5 43. Re8+ Kd5 44. Rxg4 Kxc5 45. Rf4 Kd6 46. g4 Kd7
47. Ree4 Nh4+ 48. Kg3 Rh7 49. Rf6 1-0

[Event "Festival INPS"]
[Site "Roma ITA"]
[Date "1998.??.??"]
[Round "3"]
[White "Ragonese, Lucio Rosario"]
[Black "Farina, Saverio"]
[Result "0-1"]
[WhiteElo "1995"]
[BlackElo "2200"]
[PlyCount "86"]
[EventDate "1998.??.??"]

1. d4 d5 2. Nf3 c5 3. c3 Nc6 4. Bf4 Nf6 5. e3 Qb6 6. Qc1 cxd4 7. exd4 Bf5 8.
Be2 Rc8 9. O-O e6 10. Nbd2 Be7 11. Re1 Nb4 12. Nh4 Nd3 13. Bxd3 Bxd3 14. Nhf3
O-O 15. Ne5 Bf5 16. Ndf3 Rfd8 17. Ng5 Bg6 18. Nxg6 hxg6 19. Rb1 Bd6 20. Qe3 Qc7
21. Bxd6 Qxd6 22. Nf3 b5 23. Ne5 Rc7 24. a3 a5 25. Qd3 Rb8 26. Rbc1 Nd7 27. f4
Nf6 28. Re3 b4 29. axb4 axb4 30. c4 dxc4 31. Rxc4 Rbc8 32. b3 Nd5 33. Rf3 Nb6
34. Rxc7 Qxc7 35. Nc4 Nxc4 36. bxc4 Qxc4 37. Qxc4 Rxc4 38. Rd3 Kf8 39. g3 Rc3
40. Rd2 b3 41. Kf2 Ke7 42. Ke2 Kd6 43. Rd3 b2 0-1

[Event "Festival INPS"]
[Site "Roma ITA"]
[Date "1998.??.??"]
[Round "3"]
[White "Satta, Vladimiro"]
[Black "Simeone, Giulio"]
[Result "1-0"]
[WhiteElo "2230"]
[BlackElo "1717"]
[PlyCount "73"]
[EventDate "1998.??.??"]

1. e4 c6 2. d3 d5 3. Nd2 e5 4. Ngf3 Bd6 5. g3 Ne7 6. Bg2 O-O 7. O-O f6 8. c3
Be6 9. d4 Nd7 10. Re1 Qe8 11. dxe5 Nxe5 12. Nd4 Bc8 13. exd5 cxd5 14. f4 Ng4
15. h3 Nh6 16. Bxd5+ Kh8 17. Bg2 Nhf5 18. Nxf5 Bxf5 19. Ne4 Bxe4 20. Bxe4 Rd8
21. Qf3 Qb5 22. b3 f5 23. Bc2 Bc5+ 24. Kh1 Qa6 25. b4 Bd6 26. Be3 Rd7 27. Bg1
Bb8 28. Bc5 Qf6 29. Ba4 Rc7 30. Rad1 b6 31. Rd6 Qf7 32. Bb3 Qe8 33. Bd4 Qb5 34.
a4 Qa6 35. Rh6 Qc8 36. Rxh7+ Kxh7 37. Qh5# 1-0

[Event "Festival INPS"]
[Site "Roma ITA"]
[Date "1998.??.??"]
[Round "3"]
[White "Scacco, Mauro"]
[Black "Martelli, Andrea"]
[Result "1-0"]
[WhiteElo "2050"]
[BlackElo "1770"]
[PlyCount "97"]
[EventDate "1998.??.??"]

1. e4 e6 2. d4 d5 3. Nc3 Bb4 4. Nge2 dxe4 5. a3 Bxc3+ 6. Nxc3 Nc6 7. Bb5 Nf6 8.
Bg5 h6 9. Bh4 Bd7 10. O-O a6 11. Ba4 b5 12. Bb3 Bc8 13. d5 exd5 14. Bxd5 Bb7
15. Nxe4 g5 16. Nxf6+ Qxf6 17. Re1+ Kf8 18. Bg3 Kg7 19. Qf3 Qxf3 20. Bxf3 Rhd8
21. Rad1 Na5 22. Rxd8 Bxf3 23. Bxc7 Rxd8 24. Bxa5 Rc8 25. Bc3+ Rxc3 26. bxc3
Bd5 27. Rd1 Be6 28. f3 a5 29. Kf2 a4 30. Ke3 Kg6 31. Rd4 f6 32. Rb4 Bd7 33. c4
bxc4 34. Rxc4 h5 35. Rc7 Be8 36. c4 Kf5 37. g3 Ke6 38. Kd4 Kd6 39. Ra7 Bc6 40.
f4 gxf4 41. gxf4 Ke6 42. Kc5 Be8 43. Ra8 Bd7 44. h4 Ke7 45. Ra7 Ke6 46. f5+ Ke7
47. Kd5 Kd8 48. Rxd7+ Kxd7 49. c5 1-0

[Event "Festival INPS"]
[Site "Roma ITA"]
[Date "1998.??.??"]
[Round "3"]
[White "Simeoni, Matteo"]
[Black "Campomori, Bruno"]
[Result "1-0"]
[WhiteElo "2035"]
[BlackElo "1826"]
[PlyCount "53"]
[EventDate "1998.??.??"]

1. e4 e5 2. Nf3 Nc6 3. d4 exd4 4. Nxd4 Bc5 5. Nf5 g6 6. Ne3 d6 7. Nc3 Nf6 8. g3
h5 9. h4 a6 10. Ned5 Ng4 11. Rh2 f6 12. Rg2 Nd4 13. Be3 Ne5 14. Bxd4 Bxd4 15.
Be2 Ba7 16. Qd2 Be6 17. O-O-O Bf7 18. Qf4 Nd7 19. g4 hxg4 20. Bxg4 Ne5 21.
Nxf6+ Kf8 22. h5 gxh5 23. Bxh5 c6 24. Rdg1 Bd4 25. Rg7 Rxh5 26. Rg8+ Bxg8 27.
Rxg8+ 1-0

[Event "Festival INPS"]
[Site "Roma ITA"]
[Date "1998.??.??"]
[Round "3"]
[White "Tosi, Francesco"]
[Black "Marta, Daniele"]
[Result "0-1"]
[WhiteElo "1883"]
[BlackElo "1888"]
[PlyCount "110"]
[EventDate "1998.??.??"]

1. Nf3 Nf6 2. c4 g6 3. Nc3 Bg7 4. g3 O-O 5. d4 d6 6. Bg2 Nbd7 7. O-O c6 8. Qc2
e5 9. dxe5 dxe5 10. h3 Qe7 11. Be3 a5 12. Na4 Rb8 13. c5 Nd5 14. Bg5 f6 15. Bd2
e4 16. Nh2 f5 17. Bxa5 Ra8 18. Bd2 Bd4 19. Rac1 N7f6 20. e3 Be5 21. b4 Be6 22.
Rb1 Ra7 23. f4 exf3 24. Nxf3 Bxg3 25. Ng5 Bd7 26. Nb6 Nxb6 27. cxb6 Ra6 28.
Qb3+ Kg7 29. e4 Be5 30. exf5 Bxf5 31. Rxf5 gxf5 32. Ne6+ Kh8 33. Nxf8 Qxf8 34.
Be3 Ne4 35. Qe6 Bg7 36. Rf1 Ng3 37. Rd1 Ra8 38. Bc5 Qf6 39. Qxf6 Bxf6 40. a3
Rd8 41. Rxd8+ Bxd8 42. Bxc6 bxc6 43. b7 Bc7 44. Ba7 Kg7 45. a4 Ne2+ 46. Kf2 Nf4
47. Kf3 Nd5 48. b5 cxb5 49. axb5 Kf6 50. b8=Q Bxb8 51. Bxb8 Ke6 52. Ba7 Kd6 53.
Bd4 Nc7 54. Be5+ Kxe5 55. b6 Na6 0-1

[Event "Festival INPS"]
[Site "Roma ITA"]
[Date "1998.??.??"]
[Round "3"]
[White "Vignato, Giovanni"]
[Black "Pienabarca, Nicola"]
[Result "0-1"]
[WhiteElo "2150"]
[BlackElo "2060"]
[PlyCount "64"]
[EventDate "1998.??.??"]

1. d4 Nf6 2. e3 c5 3. c3 e6 4. Nf3 d5 5. Bd3 Be7 6. O-O Ne4 7. Ne5 O-O 8. f3
Nf6 9. Bd2 Nc6 10. f4 Qb6 11. b3 Ne4 12. Qc2 f5 13. Be1 cxd4 14. exd4 Nxe5 15.
fxe5 Bd7 16. Nd2 Rac8 17. Bxe4 fxe4 18. Rxf8+ Rxf8 19. Bf2 Bg5 20. Nf1 Qd8 21.
c4 Be8 22. cxd5 exd5 23. Ne3 Bc6 24. Qc5 Bh4 25. Bxh4 Qxh4 26. Rf1 Rxf1+ 27.
Nxf1 Qf4 28. Qc3 h6 29. Qe3 Qg4 30. g3 Bb5 31. Qf4 Qd1 32. Kg2 Qxd4 0-1

[Event "Festival INPS"]
[Site "Roma ITA"]
[Date "1998.??.??"]
[Round "4"]
[White "Bellincampi, Stefano"]
[Black "Simeone, Giulio"]
[Result "1/2-1/2"]
[WhiteElo "2065"]
[BlackElo "1717"]
[PlyCount "89"]
[EventDate "1998.??.??"]

1. e4 c6 2. d4 d5 3. Nd2 dxe4 4. Nxe4 g6 5. Nf3 Bg7 6. h3 Nd7 7. Bd3 Ngf6 8.
Nxf6+ Nxf6 9. O-O O-O 10. Re1 Bf5 11. Bxf5 gxf5 12. c3 Ne4 13. Ng5 Qd5 14. Qe2
Nxg5 15. Bxg5 e6 16. Qe3 Kh8 17. Bf4 Rg8 18. Be5 Bxe5 19. Qxe5+ Qxe5 20. dxe5
Rg7 21. f3 Rag8 22. Re2 Rd8 23. Kf2 f4 24. Rae1 Rgg8 25. Re4 Rd2+ 26. R1e2
Rxe2+ 27. Rxe2 Rd8 28. Ke1 Kg7 29. Re4 Rd5 30. c4 Ra5 31. a3 Kg6 32. Rxf4 Rxe5+
33. Kf2 b5 34. b4 h6 35. cxb5 cxb5 36. Rd4 Rd5 37. Rxd5 exd5 38. Ke3 Kf5 39. g3
Ke5 40. f4+ Kd6 41. Kd4 h5 42. g4 h4 43. Kd3 Ke6 44. Ke3 Ke7 45. Kd4 1/2-1/2

[Event "Festival INPS"]
[Site "Roma ITA"]
[Date "1998.??.??"]
[Round "4"]
[White "Campomori, Bruno"]
[Black "Tosi, Francesco"]
[Result "0-1"]
[WhiteElo "1826"]
[BlackElo "1883"]
[PlyCount "88"]
[EventDate "1998.??.??"]

1. e4 c6 2. d4 d5 3. Nc3 dxe4 4. Nxe4 Bf5 5. Ng3 Bg6 6. h4 h6 7. Nf3 Nd7 8. h5
Bh7 9. Bd3 Bxd3 10. Qxd3 Ngf6 11. Bd2 e6 12. O-O-O Qc7 13. Kb1 Bd6 14. Ne4 Nxe4
15. Qxe4 Nf6 16. Qe2 O-O-O 17. Ne5 Bxe5 18. dxe5 Nd5 19. c4 Ne7 20. Qe3 c5 21.
Qa3 Kb8 22. Bf4 Qc6 23. f3 Nf5 24. Rd3 Rd4 25. g3 Rhd8 26. Rhd1 Rxd3 27. Rxd3
Rxd3 28. Qxd3 Nd4 29. Qh7 Qxf3 30. Qg8+ Kc7 31. Qxf7+ Kb6 32. b3 Qd1+ 33. Kb2
Qc2+ 34. Ka1 a6 35. Qg6 Qxg6 36. hxg6 Nf5 37. g4 Ne7 38. Be3 Kc6 39. Kb2 Nxg6
40. Kc3 Nxe5 41. g5 h5 42. a3 Ng4 43. Bf4 h4 44. Kd3 e5 0-1

[Event "Festival INPS"]
[Site "Roma ITA"]
[Date "1998.??.??"]
[Round "4"]
[White "De Blasio, Alessandro"]
[Black "Mogranzini, Roberto"]
[Result "1/2-1/2"]
[WhiteElo "1714"]
[BlackElo "1870"]
[PlyCount "104"]
[EventDate "1998.??.??"]

1. e4 c5 2. Nf3 Nc6 3. d4 cxd4 4. Nxd4 e5 5. Nb5 d6 6. N1c3 a6 7. Na3 b5 8. Nd5
Be7 9. c4 b4 10. Nc2 a5 11. Bd3 Nf6 12. Nxe7 Qxe7 13. Bg5 Be6 14. O-O h6 15.
Bh4 g5 16. Bg3 Nd7 17. Ne3 Nc5 18. f3 Nb8 19. Be2 Nba6 20. Nd5 Bxd5 21. cxd5 f6
22. Bf2 Qb7 23. Bxa6 Nxa6 24. Qa4+ Ke7 25. Rac1 Nc5 26. Bxc5 dxc5 27. Rxc5 Rhc8
28. d6+ Kxd6 29. Rd5+ Ke7 30. Rfd1 Rd8 31. Qc2 Rac8 32. Qd3 Rxd5 33. exd5 Kd6
34. Qg6 Qb6+ 35. Kh1 Qd4 36. Qxf6+ Kd7 37. Qe6+ Kd8 38. Qxc8+ Kxc8 39. Rxd4
exd4 40. Kg1 Kd7 41. Kf2 Kd6 42. Ke2 Kxd5 43. Kd3 h5 44. b3 h4 45. g3 Ke5 46.
Ke2 Kf5 47. Kd2 h3 48. Ke2 Ke6 49. Kd2 Kf5 50. Ke2 Ke6 51. Kd3 Ke5 52. Kd2 Kf5
1/2-1/2

[Event "Festival INPS"]
[Site "Roma ITA"]
[Date "1998.??.??"]
[Round "4"]
[White "De Vita, Gianni"]
[Black "Rossi De Gasperis, Pietro"]
[Result "1/2-1/2"]
[WhiteElo "2160"]
[BlackElo "1704"]
[PlyCount "119"]
[EventDate "1998.??.??"]

1. e4 e6 2. d4 c5 3. d5 exd5 4. exd5 d6 5. c4 Nf6 6. Nc3 Na6 7. Bd3 Nc7 8. Nge2
Be7 9. O-O b5 10. b3 bxc4 11. bxc4 O-O 12. Ng3 Bd7 13. Nce4 Nce8 14. Bb2 Rb8
15. Bc3 Nxe4 16. Nxe4 f5 17. Ng3 Bf6 18. Bxf6 Qxf6 19. Qc2 Rb2 20. Qc1 Nc7 21.
Nxf5 Bxf5 22. Bxf5 Qd4 23. Bc2 Rfb8 24. Rb1 Ne8 25. Rd1 Rxb1 26. Bxb1 Qb2 27.
Qc2 Qxc2 28. Bxc2 Rb2 29. Bb3 Nf6 30. Re1 Ng4 31. f3 Ne5 32. h3 a5 33. f4 Nd3
34. Re4 g6 35. Kh2 Kf7 36. Kg3 Nc1 37. Re6 Nxb3 38. axb3 Rxb3+ 39. Kg4 Rb6 40.
Kg5 a4 41. Re2 Rb4 42. Rc2 Kg7 43. f5 h6+ 44. Kg4 a3 45. fxg6 Kxg6 46. Kf3 Ra4
47. Ra2 Rxc4 48. Rxa3 Rd4 49. g4 Kg5 50. Kg3 Rxd5 51. h4+ Kg6 52. Re3 c4 53.
Re6+ Kg7 54. Re3 Rc5 55. Kf4 c3 56. Re1 c2 57. Rc1 Rc4+ 58. Kf5 d5 59. g5 hxg5
60. hxg5 1/2-1/2

[Event "Festival INPS"]
[Site "Roma ITA"]
[Date "1998.??.??"]
[Round "4"]
[White "De Vita, Igor"]
[Black "Pezzaldi, Roberto"]
[Result "1-0"]
[WhiteElo "2125"]
[BlackElo "2095"]
[PlyCount "128"]
[EventDate "1998.??.??"]

1. d4 e6 2. c4 f5 3. g3 Nf6 4. Bg2 Be7 5. Nf3 O-O 6. O-O c6 7. Qc2 Ne4 8. Nbd2
d5 9. Ne5 Nd7 10. Nd3 Bf6 11. Nf3 Qe8 12. Rb1 Qh5 13. c5 g5 14. b4 a6 15. a4
Qg6 16. Be3 Qg7 17. Qb2 Bd8 18. Nfe5 Nef6 19. Ra1 Ng4 20. Bd2 Bf6 21. Bc3 h5
22. b5 Ngxe5 23. dxe5 Be7 24. Bd4 Nb8 25. e3 Kf7 26. Qe2 Rh8 27. Nb4 Qh6 28.
bxc6 bxc6 29. a5 g4 30. f4 h4 31. Rfb1 hxg3 32. hxg3 Qh2+ 33. Kf1 Qxg3 34. Qf2
Qxf2+ 35. Kxf2 Nd7 36. Nxc6 Bxc5 37. Rc1 Bb7 38. Bxc5 Bxc6 39. Bd6 Rac8 40. Rc3
d4 41. Rxc6 dxe3+ 42. Kxe3 Rxc6 43. Bxc6 Nb8 44. Rh1 Rc8 45. Ba4 Nc6 46. Rc1
Na7 47. Rxc8 Nxc8 48. Bc5 Ne7 49. Bxe7 Kxe7 50. Bc6 Kd8 51. Bb7 Kc7 52. Bxa6
Kc6 53. Bc4 Kd7 54. a6 g3 55. Kf3 g2 56. Kxg2 Ke7 57. Kf3 Kd7 58. Ke3 Kc6 59.
Kd4 Kb6 60. Bb5 Ka7 61. Kc5 Kb8 62. Kb6 Kc8 63. a7 Kd8 64. a8=Q+ Ke7 1-0

[Event "Festival INPS"]
[Site "Roma ITA"]
[Date "1998.??.??"]
[Round "4"]
[White "Farina, Saverio"]
[Black "Gardon, Ermanno"]
[Result "1/2-1/2"]
[WhiteElo "2200"]
[BlackElo "1818"]
[PlyCount "45"]
[EventDate "1998.??.??"]

1. d4 Nf6 2. c4 c5 3. e3 g6 4. Nc3 Bg7 5. Nf3 cxd4 6. exd4 d5 7. Be2 O-O 8. O-O
Nc6 9. Be3 Be6 10. Ng5 Bd7 11. cxd5 Nb4 12. Qb3 Qa5 13. Bc4 Bf5 14. a3 Nc2 15.
Rac1 Rac8 16. d6 e6 17. Bxe6 fxe6 18. Nxe6 Nxe3 19. Nxf8+ Nc4 20. d7 Rxf8 21.
Qxc4+ Kh8 22. Nb5 Qb6 23. Qc7 1/2-1/2

[Event "Festival INPS"]
[Site "Roma ITA"]
[Date "1998.??.??"]
[Round "4"]
[White "Manzanilla, Rufino"]
[Black "Cattarinich, Benedetto"]
[Result "1/2-1/2"]
[WhiteElo "1726"]
[BlackElo "1702"]
[PlyCount "108"]
[EventDate "1998.??.??"]

1. Nf3 Nf6 2. b4 d5 3. Bb2 Bf5 4. e3 Nbd7 5. c4 e6 6. a3 Be7 7. Be2 O-O 8. Nc3
dxc4 9. Bxc4 c5 10. Qb3 cxb4 11. axb4 Nb6 12. Be2 Nbd5 13. b5 Nxc3 14. Bxc3 Ne4
15. O-O Bf6 16. Rad1 Bxc3 17. dxc3 Qa5 18. Rc1 Rac8 19. c4 Rfd8 20. Qb2 h6 21.
Ra1 Qc3 22. Qc1 Qb4 23. Re1 Qc5 24. Nd4 Bg6 25. Bd3 Rxd4 26. exd4 Qxd4 27. Bxe4
Rxc4 28. Qe3 Qxe3 29. Rxe3 Bxe4 30. f3 Bd5 31. Rxa7 Rb4 32. Ra5 b6 33. Ra7 Rxb5
34. Rc3 Rc5 35. Rc7 Rxc3 36. Rxc3 b5 37. Rc8+ Kh7 38. Rb8 Bc4 39. Kf2 Kg6 40.
Rb7 f6 41. Ke3 Kh7 42. g3 Kg6 43. h4 h5 44. Rc7 Bd5 45. Rc5 b4 46. Rb5 b3 47.
Kf4 Kh6 48. Rb4 g5+ 49. Ke3 Kg6 50. hxg5 fxg5 51. f4 gxf4+ 52. Kxf4 Kf6 53. Rb8
e5+ 54. Ke3 Be6 1/2-1/2

[Event "Festival INPS"]
[Site "Roma ITA"]
[Date "1998.??.??"]
[Round "4"]
[White "Marta, Daniele"]
[Black "Montecchi, Ugo"]
[Result "0-1"]
[WhiteElo "1888"]
[BlackElo "1971"]
[PlyCount "46"]
[EventDate "1998.??.??"]

1. d4 Nf6 2. Nf3 c5 3. c4 cxd4 4. Nxd4 e5 5. Nb5 Bc5 6. Nd6+ Ke7 7. Nf5+ Kf8 8.
Be3 Bb4+ 9. Nc3 d5 10. Ng3 d4 11. Bg5 Qa5 12. a3 Bxc3+ 13. bxc3 Nc6 14. Qb3
dxc3 15. O-O-O Be6 16. e3 b5 17. Kc2 bxc4 18. Qxc3 Qa4+ 19. Kc1 Rb8 20. Bxf6
gxf6 21. Rd2 Rb3 22. Qc2 Nb4 23. Qe4 Rc3+ 0-1

[Event "Festival INPS"]
[Site "Roma ITA"]
[Date "1998.??.??"]
[Round "4"]
[White "Martelli, Andrea"]
[Black "Ragonese, Lucio Rosario"]
[Result "1/2-1/2"]
[WhiteElo "1770"]
[BlackElo "1995"]
[PlyCount "69"]
[EventDate "1998.??.??"]

1. Nf3 d5 2. g3 Nf6 3. Bg2 c6 4. b3 Bf5 5. Bb2 e6 6. O-O Bc5 7. d4 Bd6 8. Nbd2
Nbd7 9. c4 h5 10. Re1 Ne4 11. Nh4 g5 12. Nxf5 exf5 13. cxd5 cxd5 14. f3 Nxg3
15. hxg3 Bxg3 16. e4 g4 17. exf5+ Kf8 18. Ba3+ Kg7 19. Re7 Nf6 20. Nf1 Bf4 21.
Qe2 Qa5 22. Qb2 h4 23. fxg4 Rag8 24. Bf3 Kh6 25. Nh2 Re8 26. b4 Qb5 27. Rae1
Rxe7 28. Rxe7 Qd3 29. Qb3 Qxd4+ 30. Kg2 Bxh2 31. Kxh2 Qf2+ 32. Kh1 Qf1+ 33. Kh2
Qf2+ 34. Kh1 Qf1+ 35. Kh2 1/2-1/2

[Event "Festival INPS"]
[Site "Roma ITA"]
[Date "1998.??.??"]
[Round "4"]
[White "Marzano, Carlo"]
[Black "Cellucci, Alessandro"]
[Result "1/2-1/2"]
[WhiteElo "2185"]
[BlackElo "1870"]
[PlyCount "41"]
[EventDate "1998.??.??"]

1. e4 c5 2. Nf3 e6 3. d3 Nc6 4. g3 Nge7 5. Bg2 g6 6. O-O Bg7 7. Nbd2 O-O 8. Re1
d6 9. c3 Rb8 10. a4 a6 11. Nb3 b5 12. axb5 axb5 13. d4 c4 14. Nbd2 e5 15. dxe5
Nxe5 16. Nxe5 dxe5 17. Nf1 Be6 18. Be3 Qc8 19. Qc2 Rd8 20. Red1 Nc6 21. Bg5
1/2-1/2

[Event "Festival INPS"]
[Site "Roma ITA"]
[Date "1998.??.??"]
[Round "4"]
[White "Puliatti, Carlo"]
[Black "Corvi, Marco"]
[Result "0-1"]
[WhiteElo "1797"]
[BlackElo "2320"]
[PlyCount "44"]
[EventDate "1998.??.??"]

1. e4 Nf6 2. e5 Nd5 3. d4 d6 4. exd6 cxd6 5. c4 Nb6 6. h3 g6 7. Nf3 Bg7 8. Be2
O-O 9. O-O Nc6 10. Nc3 Bf5 11. Be3 d5 12. c5 Nc4 13. b3 Nxe3 14. fxe3 e5 15.
Nb5 e4 16. Nh2 Qg5 17. Rf4 Bxh3 18. Bg4 Bxg4 19. Nxg4 a6 20. Nc7 Rac8 21. Nxd5
Qxd5 22. Qf1 f5 0-1

[Event "Festival INPS"]
[Site "Roma ITA"]
[Date "1998.??.??"]
[Round "4"]
[White "Quimi, Marco"]
[Black "Lantini, Marco"]
[Result "1-0"]
[WhiteElo "2225"]
[BlackElo "2180"]
[PlyCount "80"]
[EventDate "1998.??.??"]

1. e4 e5 2. Bc4 Nf6 3. d3 c6 4. Nf3 d5 5. exd5 cxd5 6. Bb5+ Bd7 7. Bxd7+ Nbxd7
8. O-O Bd6 9. Re1 O-O 10. Bg5 Qc7 11. Nc3 a6 12. h3 Rfe8 13. Qd2 Rac8 14. Nh4
d4 15. Ne4 Nxe4 16. Rxe4 Qxc2 17. Qe1 Qxd3 18. Rd1 Qb5 19. Nf5 Bf8 20. Nxd4
Qxb2 21. Nf5 Qxa2 22. Rxd7 Qe6 23. Nxg7 Bxg7 24. Rxb7 h5 25. Bh4 Rc4 26. Rb4
Rec8 27. Qe3 R4c7 28. Qf3 Rc1+ 29. Kh2 f5 30. Re3 e4 31. Qxh5 Qd6+ 32. Rg3 Qxb4
33. Bf6 R1c7 34. Qh6 Qd6 35. Qg5 f4 36. Rg4 f3+ 37. Be5 Qc5 38. Qf6 Qe7 39. Qf4
Qd8 40. Qh6 Qf8 1-0

[Event "Festival INPS"]
[Site "Roma ITA"]
[Date "1998.??.??"]
[Round "4"]
[White "Rossetti, Mauro"]
[Black "Coppini, Giorgio"]
[Result "1/2-1/2"]
[WhiteElo "1912"]
[BlackElo "2195"]
[PlyCount "28"]
[EventDate "1998.??.??"]

1. e4 d5 2. exd5 Qxd5 3. Nc3 Qd8 4. d4 Nf6 5. Bf4 Bf5 6. Nf3 e6 7. Bc4 Be7 8.
O-O O-O 9. Qe2 c6 10. Rfe1 Nd5 11. Nxd5 cxd5 12. Bb3 Nc6 13. c3 Rc8 14. Ne5
Nxe5 1/2-1/2